| 000 | 00320 a2200133 4500 | ||
|---|---|---|---|
| 001 | 33875 | ||
| 082 | _a005.15135ANS | ||
| 090 |
_c22502 _d22502 |
||
| 100 | _aANSYS | ||
| 245 | _aIntroduction to ANSYS for release 5.4 | ||
| 260 |
_a[n p] _bANSYS _c1997 |
||
| 300 | _avarious pages | ||
| 500 | _aMS textbook Aerosapce | ||
| 942 |
_aNUST-CAE _k005.15135ANS |
||
| 999 |
_c268948 _d268948 |
||